00453 2200181 4500001002100000005001500021008004100036020002200077035001900099041000700118082001000125090001600135100002000151245001000171260003300181300001800214650003900232INLIS00000000001532620241224114919241224||||||||| | ||| |||| || |  a978-979-066-295-7 0010-1224015326 aid0 a551.6 a551.6 BOR c0 aBianca Borowski00aCuaca aJakartabMizan Pustakac2010 a32hlm;19x24cm 0ailmu ilmu pengetahuan tentang bumi